Tārīk̲h̲-i Panjāb : (Record no. 531779)
[ view plain ]
| 000 -LEADER | |
|---|---|
| fixed length control field | 01062cam a2200313 a 4500 |
| 001 - CONTROL NUMBER | |
| control field | 2839836 |
| 003 - CONTROL NUMBER IDENTIFIER | |
| control field | NUST |
| 005 - DATE AND TIME OF LATEST TRANSACTION | |
| control field | 20191027190042.0 |
| 008 - FIXED-LENGTH DATA ELEMENTS--GENERAL INFORMATION | |
| fixed length control field | 840709r19821888pk 000 0 urdo |
| 010 ## - LIBRARY OF CONGRESS CONTROL NUMBER | |
| LC control number | 83931347 |
| 020 ## - INTERNATIONAL STANDARD BOOK NUMBER | |
| Terms of availability | Rs60.00 |
| 038 ## - RECORD CONTENT LICENSOR | |
| Staff Name | Arshad |
| 040 ## - CATALOGING SOURCE | |
| Original cataloging agency | DLC |
| Transcribing agency | DLC |
| Modifying agency | DLC |
| 043 ## - GEOGRAPHIC AREA CODE | |
| Geographic area code | a-ii--- |
| -- | a-pk--- |
| 050 00 - LIBRARY OF CONGRESS CALL NUMBER | |
| Classification number | DS485.P2 |
| Item number | L34 1982 |
| 082 ## - DEWEY DECIMAL CLASSIFICATION NUMBER | |
| Classification number | 954.914 |
| Author Mark | LAT |
| 100 1# - MAIN ENTRY--PERSONAL NAME | |
| Personal name | Latif, Syad Muhammad, |
| Dates associated with a name | 1851-1902. |
| 9 (RLIN) | 3788 |
| 245 10 - TITLE STATEMENT | |
| Title | Tārīk̲h̲-i Panjāb : |
| Remainder of title | maʻ ḥālāt-i shahr-i Lāhaur / |
| Statement of responsibility, etc. | Sayyid Muḥammad Lat̤īf. |
| 260 ## - PUBLICATION, DISTRIBUTION, ETC. | |
| Place of publication, distribution, etc. | Lāhaur : |
| Name of publisher, distributor, etc. | Sang-i Mīl Pablīkeshanz, |
| Date of publication, distribution, etc. | 1982. |
| 300 ## - PHYSICAL DESCRIPTION | |
| Extent | 4, 6, 382, 4 p. ; |
| Dimensions | 22 cm. |
| 500 ## - GENERAL NOTE | |
| General note | In Urdu; pref. in English. |
| 500 ## - GENERAL NOTE | |
| General note | Title on added t.p.: History of the Punjab. |
| 500 ## - GENERAL NOTE | |
| General note | Reprint. Originally published: Lahore : Civil and Military Gazette Press, 1888. |
| 651 #0 - SUBJECT ADDED ENTRY--GEOGRAPHIC NAME | |
| Geographic name | Punjab (India) |
| General subdivision | History. |
| 9 (RLIN) | 3789 |
| 651 #0 - SUBJECT ADDED ENTRY--GEOGRAPHIC NAME | |
| Geographic name | Lahore (Pakistan) |
| General subdivision | History. |
| 9 (RLIN) | 24828 |
| 740 0# - ADDED ENTRY--UNCONTROLLED RELATED/ANALYTICAL TITLE | |
| Uncontrolled related/analytical title | History of the Punjab. |
| 906 ## - LOCAL DATA ELEMENT F, LDF (RLIN) | |
| a | 7 |
| b | cbc |
| c | orignew |
| d | 4 |
| e | ncip |
| f | 19 |
| g | y-gencatlg |
| 942 ## - ADDED ENTRY ELEMENTS (KOHA) | |
| Source of classification or shelving scheme | |
| Koha item type | Book |
| Withdrawn status | Lost status | Source of classification or shelving scheme | Damaged status | Not for loan | Permanent Location | Current Location | Shelving location | Date acquired | Total Checkouts | Full call number | Barcode | Date last seen | Date last checked out | Copy number | Price effective from | Koha item type |
|---|---|---|---|---|---|---|---|---|---|---|---|---|---|---|---|---|
| Central Library (CL) | Central Library (CL) | Pakistan Studies | 10/27/2019 | 1 | 954.914 LAT | CL3046 | 11/08/2023 | 01/12/2023 | 1 | 10/27/2019 | Book |
